00322nam a2200133Ia 4500003000400000005001700004008004000021040000700061041000800068082001100076100001700087245003100104260005300135OSt20240305151807.0210210b1876 xxu||||| |||| 00| 0 eng d cAL aeng a550/10 aHARTWING (G) aSea and its living wonders aLondonbLongmans Green and Company Limitedc1876